| 000 | 01048nac a22003131i 4500 | ||
|---|---|---|---|
| 003 | EG-ScBUE | ||
| 005 | 20250326125948.0 | ||
| 008 | 250326s2005 xxkabc rd 001 0 eng d | ||
| 020 | _a1405310715 | ||
| 020 | _a9781405310710 | ||
| 040 |
_aEG-ScBUE _beng _erda _cEG-ScBUE _dEG-ScBUE |
||
| 082 | 0 | 4 |
_a523.1 _bUNI _222 |
| 245 | 0 | 0 |
_aUniverse / _bgeneral editor Martin Rees. |
| 246 | 3 | 4 |
_aUniverse : _bthe definitive visual guide |
| 250 | _aFirst edition. | ||
| 264 | 1 |
_aLondon : _bDorling Kindersley Limited, _c2005. |
|
| 300 |
_a512 pages : _billustrations (some color), maps, portraits ; _c31 cm |
||
| 336 |
_2rdacontent _atext _btxt |
||
| 337 |
_aunmediated _2rdamedia _bn |
||
| 338 |
_avolume _bnc _2rdacarrier |
||
| 500 | _aIncludes index. | ||
| 500 | _aIncludes glossary. | ||
| 650 | 7 |
_aCosmology _vPopular works. _2BUEsh |
|
| 650 | 7 |
_aCosmology _vPictorial works. _2BUEsh |
|
| 650 | 7 |
_aUniverse _vPictorial works. _2BUEsh |
|
| 650 | 7 |
_aUniverse _vPopular works. _2BUEsh |
|
| 700 | 1 |
_aRees, Martin J., _eeditor. |
|
| 942 |
_cNB _k523.1 R25911 _2ddc |
||
| 999 |
_c2745 _d2745 |
||